Vyčislitel'nye seti i setevye protokoly / (Rekord nr 18702)
| 000 -LEADER | |
|---|---|
| fixed length control field | 01009cam a2200265 i 4500 |
| 005 - DATE AND TIME OF LATEST TRANSACTION | |
| control field | 20171212141849.0 |
| 008 - FIXED-LENGTH DATA ELEMENTS--GENERAL INFORMATION | |
| fixed length control field | 120523s1982 ru a |000 0 rusoc |
| 035 ## - SYSTEM CONTROL NUMBER | |
| System control number | xx002498936 |
| 039 #9 - LEVEL OF BIBLIOGRAPHIC CONTROL AND CODING DETAIL [OBSOLETE] | |
| Level of rules in bibliographic description | 201706091113 |
| Level of effort used to assign nonsubject heading access points | kopilwa |
| Level of effort used to assign subject headings | 201411201701 |
| Level of effort used to assign classification | uam |
| Level of effort used to assign subject headings | 201304090120 |
| Level of effort used to assign classification | VLOAD |
| Level of effort used to assign subject headings | 201304080812 |
| Level of effort used to assign classification | VLOAD |
| -- | 201205231446 |
| -- | SCWA_U |
| 040 ## - CATALOGING SOURCE | |
| Original cataloging agency | NUKAT |
| Transcribing agency | WA U/RB |
| Modifying agency | WA U/RB |
| -- | WA U/EBA |
| 041 1# - LANGUAGE CODE | |
| Language code of text/sound track or separate title | rus |
| Language code of original and/or intermediate translations of text | eng |
| 245 00 - TITLE STATEMENT | |
| Title | Vyčislitel'nye seti i setevye protokoly / |
| Statement of responsibility, etc | D. Dèvis [et al.] ; per. s ang. pod red. S. I. Samojlenko. |
| 246 1# - VARYING FORM OF TITLE | |
| Display text | Tyt. oryg.: |
| Title proper/short title | Computer networks and their protocols |
| 260 ## - PUBLICATION, DISTRIBUTION, ETC. (IMPRINT) | |
| Place of publication, distribution, etc | Moskva : |
| Name of publisher, distributor, etc | "Mir", |
| Date of publication, distribution, etc | 1982. |
| 300 ## - PHYSICAL DESCRIPTION | |
| Extent | 563 s. : |
| Other physical details | il. ; |
| Dimensions | 23 cm. |
| 504 ## - BIBLIOGRAPHY, ETC. NOTE | |
| Bibliography, etc | Bibliogr. przy rozdz. |
| 650 ## - SUBJECT ADDED ENTRY--TOPICAL TERM | |
| Topical term or geographic name as entry element | Protokoły sieci komputerowych. |
| 650 ## - SUBJECT ADDED ENTRY--TOPICAL TERM | |
| Topical term or geographic name as entry element | Sieci komputerowe. |
| 700 1# - ADDED ENTRY--PERSONAL NAME | |
| Personal name | Davies, Donald Watts. |
| 700 1# - ADDED ENTRY--PERSONAL NAME | |
| Personal name | Samojlenko, Stanislav Ivanovič. |
| Relator term | Tł. |
| 961 ## - | |
| -- | WA_310 |
| 966 ## - | |
| -- | POZN_U |
| 970 ## - | |
| -- | WA_U |
Brak dostępnych egzemplarzy.